Pokémon by Type Combinations #8 - Statistics

General Stats
  • This quiz has been taken 88 times
    80 since last reset
  • The average score is 20 of 29
Answer Stats
Hint Answer % Correct
Bug/Poison Beedrill
94%
Water/Flying Gyarados
89%
Water/Flying Pelipper
89%
Ice Glalie
87%
Steel/Rock Aggron
85%
Grass/Psychic Exeggutor
83%
Bug/Poison Venomoth
83%
Ice Avalugg
80%
Ice Cryogonal
78%
Bug/Poison Dustox
78%
Bug/Poison Ariados
76%
Ice Beartic
74%
Water/Flying Mantine
74%
Ice Regice
74%
Steel/Rock Bastiodon
72%
Water/Flying Swanna
70%
Bug/Poison Scolipede
69%
Ice Vanilluxe
69%
Ice Glaceon
65%
Grass/Psychic Celebi
63%
Water/Flying Cramorant
57%
Ice Glastrier
56%
Ice Galarian Darmanitan
52%
Ice Cetitan
50%
Ice Eiscue
50%
Grass/Psychic Iron Leaves
46%
Grass/Psychic Calyrex
44%
Steel/Rock Probopass
43%
Steel/Rock Stakataka
43%
No matching quizzes found
Score Distribution
Percent of People with Each Score
Percentile by Number Answered
Your Score History
You have not taken this quiz since the last reset